[Event "Primorsko op"]
[Site "Primorsko"]
[Date "2018.09.20"]
[Round "5"]
[White "Stoyanov, Yordan"]
[Black "Atanasov, Ivaylo"]
[Result "0-1"]
[WhiteElo "1457"]
[BlackElo "1588"]
[PlyCount "80"]
[EventDate "2018.09.16"]
[EventType "swiss"]
[EventRounds "9"]
[EventCountry "BUL"]
[SourceTitle "CBM 186 Extra"]
[Source "ChessBase"]
[SourceDate "2018.08.24"]
[SourceVersion "1"]
[SourceVersionDate "2018.08.24"]
[SourceQuality "1"]

1. e4 e5 2. Nf3 Nc6 3. d4 d6 4. dxe5 Bg4 5. exd6 Bxd6 6. Nbd2 Nf6 7. Bd3 0-0 8. 0-0 Qe7 9. Re1 Rad8 10. h3 Bh5 11. Be2 Nxe4 12. Kf1 Bc5 13. Bd3 f5 14. Nxe4 fxe4 15. Rxe4 Qxe4 16. Bg5 Bxf3 17. gxf3 Qxf3 18. Qxf3 Rxf3 19. Bxd8 Rxf2+ 20. Ke1 Nxd8 21. Rd1 Rh2 22. Bc4+ Kf8 23. Rxd8+ Ke7 24. Rd5 Bd6 25. Bd3 Rxh3 26. a4 Rh2 27. b3 Bf4 28. Kf1 g5 29. Rd4 h5 30. Re4+ Kf6 31. Re8 b6 32. Rf8+ Ke7 33. Rh8 g4 34. Rh7+ Kf6 35. Kg1 Kg5 36. Be4 Kh4 37. Bg6 Kg5 38. Be4 g3 39. Bf3 Be5 40. Kf1 Rf2+ 0-1

[Event "Teteven op 32nd"]
[Site "Teteven"]
[Date "2018.08.11"]
[Round "1"]
[White "Nikolov, Petko"]
[Black "Stoyanov, Yordan"]
[Result "1-0"]
[WhiteElo "1909"]
[BlackElo "1457"]
[PlyCount "61"]
[EventDate "2018.08.11"]
[EventType "swiss"]
[EventRounds "9"]
[EventCountry "BUL"]
[SourceTitle "CBM 186 Extra"]
[Source "ChessBase"]
[SourceDate "2018.08.24"]
[SourceVersion "1"]
[SourceVersionDate "2018.08.24"]
[SourceQuality "1"]

1. d4 Nf6 2. Nf3 e6 3. Bf4 d5 4. e3 h6 5. Bd3 Nc6 6. c3 Nh5 7. Be5 Nf6 8. Nbd2 Be7 9. 0-0 0-0 10. Qe2 Ng4 11. Bg3 Nf6 12. Ne5 Nxe5 13. Bxe5 Bd6 14. Nf3 Bxe5 15. Nxe5 Nd7 16. f4 c6 17. Bc2 Nxe5 18. fxe5 Bd7 19. Qd3 g6 20. Rf6 Be8 21. Raf1 Qe7 22. h4 Kh8 23. h5 Rg8 24. R1f3 Rg7 25. Rh3 Qf8 26. Qf1 Qg8 27. hxg6 Rxg6 28. Bxg6 Kg7 29. Qf4 Qh8 30. Rxf7+ Kxg6 31. Rg3+ 1-0

[Event "Primorsko op"]
[Site "Primorsko"]
[Date "2017.09.17"]
[Round "1"]
[White "Raykov, Stefan"]
[Black "Stoyanov, Yordan"]
[Result "1-0"]
[WhiteElo "2172"]
[BlackElo "1521"]
[PlyCount "25"]
[EventDate "2017.09.17"]
[EventType "swiss"]
[EventRounds "9"]
[EventCountry "BUL"]
[SourceTitle "CBM 180 Extra"]
[Source "ChessBase"]
[SourceDate "2017.10.06"]
[SourceVersion "1"]
[SourceVersionDate "2017.10.06"]
[SourceQuality "1"]

1. e4 e5 2. Nf3 Nf6 3. Nc3 d6 4. d4 exd4 5. Qxd4 Be7 6. Bg5 Nc6 7. Bb5 Bd7 8. Bxc6 Bxc6 9. 0-0-0 a6 10. e5 Bxf3 11. exf6 Bxd1 12. fxe7 Qd7 13. Qxg7 1-0

[Event "Blagoevgrad op"]
[Site "Blagoevgrad"]
[Date "2013.10.01"]
[Round "6"]
[White "Stoyanov, Yordan"]
[Black "Stojanov, Atanas"]
[Result "0-1"]
[WhiteElo "1566"]
[BlackElo "1850"]
[PlyCount "86"]
[EventDate "2013.09.28"]
[EventType "swiss"]
[EventRounds "9"]
[EventCountry "BUL"]
[SourceTitle "CBM 156 Extra"]
[Source "ChessBase"]
[SourceDate "2013.10.22"]
[SourceVersion "1"]
[SourceVersionDate "2013.10.22"]
[SourceQuality "1"]

1. e4 d5 2. exd5 Qxd5 3. Nc3 Qa5 4. Nf3 c6 5. Be2 Nf6 6. h3 Bf5 7. d3 Nbd7 8. Be3 e6 9. 0-0 Bd6 10. Nh4 Bg6 11. Nxg6 hxg6 12. a3 Qe5 13. g3 Rxh3 14. Bf4 Qd4 15. Bxd6 Qxd6 16. Kg2 Rh8 17. Ne4 Qc7 18. Ng5 Ke7 19. Qd2 Raf8 20. Qb4+ c5 21. Qa4 b5 22. Qb3 Qe5 23. Ne4 Nxe4 24. dxe4 Qxe4+ 25. Bf3 Qf5 26. Rh1 Ne5 27. Rac1 a5 28. Qc3 Qxf3+ 29. Qxf3 Nxf3 30. Kxf3 Rxh1 31. Rxh1 Rd8 32. Ke3 g5 33. g4 a4 34. Rh5 f6 35. Rh7 Kf7 36. Rh1 f5 37. f3 Kf6 38. c3 c4 39. Ke2 Ke5 40. Rh7 fxg4 41. Rxg7 gxf3+ 42. Kxf3 Kf6 43. Kg4 Kxg7 0-1

[Event "Blagoevgrad op"]
[Site "Blagoevgrad"]
[Date "2013.09.30"]
[Round "4"]
[White "Stoyanov, Yordan"]
[Black "Yanev, Bogdan"]
[Result "0-1"]
[WhiteElo "1566"]
[BlackElo "1768"]
[PlyCount "82"]
[EventDate "2013.09.28"]
[EventType "swiss"]
[EventRounds "9"]
[EventCountry "BUL"]
[SourceTitle "CBM 156 Extra"]
[Source "ChessBase"]
[SourceDate "2013.10.22"]
[SourceVersion "1"]
[SourceVersionDate "2013.10.22"]
[SourceQuality "1"]

1. e4 c5 2. Nf3 d6 3. d4 cxd4 4. Nxd4 Nf6 5. Nc3 g6 6. Be3 Bg7 7. Be2 Nc6 8. 0-0 0-0 9. Bf3 Ne5 10. h3 Nc4 11. Bc1 Nd7 12. b3 Nce5 13. Bb2 Nc5 14. Rb1 Bd7 15. Nce2 Nxf3+ 16. Nxf3 Nxe4 17. Bxg7 Kxg7 18. Qd4+ Nf6 19. Ng3 Bc6 20. Nd2 e5 21. Qb4 Nd5 22. Qa3 Nf4 23. f3 Qh4 24. Kh2 d5 25. Qb4 a5 26. Qc3 Qg5 27. Rg1 Qxg3+ 28. Kxg3 Ne2+ 29. Kf2 Nxc3 30. Rbe1 e4 31. a4 exf3 32. Nxf3 Rfe8 33. Rxe8 Rxe8 34. Re1 Rxe1 35. Kxe1 h6 36. Nd4 Kf6 37. Kd2 Ne4+ 38. Ke3 Nd6 39. Ne2 Ke5 40. g3 Nf5+ 41. Kf3 h5 0-1